000 00581nam a2200205 a 4500
001 19698
005 20180713213152.0
008 140415s1965 mx 000 0 spa d
041 _aspa
082 _a628.3
_bBAB
100 1 _aBANBITT, HAROLD E.
245 1 0 _aALCANTARILLADO Y TRATAMIENTO DE AGUAS NEGRAS
250 _a1a ed.
260 _aMEXICO :
_bCECSA,
_c1965
300 _a881
650 1 4 _aAGUAS DE ALBAAL
_xALCANTARILLADO
700 1 _aLOMA, JOSE LUIS DE LA
_etr.
740 _aSEWERAGE AND SEWAGE TREATMENT
700 1 _aBAUMANN, E. ROBERT
_ecoaut.
999 _c19698
_d19698